01076 2200373 4500001002100000005001500021035002500036007000300061008004100064020002200105040001700127041000800144082001600152084001800168090002200186090002100208100002400229245010000253250002000353260003500373300005500408500001100463650002700474700002000501850001200521504003400533999002100567990002100588990001800609990001800627990002100645990001800666990001800684INLIS00000000001225820200228104054 a0010-091500000000771ta150909s2015 yoia g 1 ind d a978-602-72122-9-9 aYOPDYOGbind0 aind0 223a375.001 a375.001 ABD m aDEP 375.001 ABD m aCB-D.11 2015-2320 aAbdul Manab,d1952-1 aManajemen perubahan kurikulum :bmendesain pembelajaran /cAbdul Manab; editor, Kutbuddin Aifak aCetakan I, 2015 aYogyakarta :bKalimedia,c2015 axxviii, 285 halaman :bilustrasi, diagram ;c21 cm aindeks 4aPengembangan kurikulum0 aKutbuddin Aifak aYOPDYOG aBibliografi : halaman 273-277 aCB-D.11/2015-232 aCB-D.11/2015-232 a55721-PD/A.17 a55722-PD/A.17 aCB-D.11/2015-232 a55721-PD/A.17 a55722-PD/A.17